000
00242nam a2200109Ia 4500
005
20251222114342.0
008
251222s1900||||xx |||||||||||||| ||spa||
082
_a
DVD0070/C97/1942
245
0
_a
Casablanca
264
_b
Warner Bros.
942
_c
DVD
999
_c
896
_d
896